Loading...
| History - World History | 0 | 5 | 1 | 1 | 45 | 78 | 107.60 | 1 | 3 |
| History - European History | 0 | 3 | 1 | 0 | 25 | 87 | 105.33 | 0 | 1 |
| History - Other History | 0 | 2 | 1 | 0 | 15 | 86 | 90.50 | 1 | 2 |
| History - American History | 0 | 1 | 0 | 0 | 10 | 120 | 120.00 | 0 | 0 |
| Literature - American Literature | 0 | 1 | 0 | 0 | 10 | 121 | 121.00 | 0 | 0 |
| Mythology | 0 | 1 | 0 | 0 | 10 | 123 | 123.00 | 0 | 0 |
| Religion | 0 | 1 | 0 | 0 | 10 | 108 | 108.00 | 0 | 0 |
| Fine Arts - Other Fine Arts | 0 | 1 | 0 | 0 | 10 | 117 | 117.00 | 0 | 0 |
| Fine Arts - Painting & Sculpture | 0 | 1 | 0 | 0 | 10 | 136 | 136.00 | 0 | 0 |
| Fine Arts - Classical Music | 0 | 1 | 0 | 0 | 10 | 126 | 126.00 | 1 | 1 |
| Other | 0 | 1 | 1 | 0 | 5 | 59 | 59.00 | 1 | 1 |
| Philosophy | 0 | 0 | 0 | 0 | 0 | 0.00 | 0 | 0 |